Antología documental del anarquismo español. (Record no. 47617)

MARC details
000 -LEADER
campo de control de longitud fija 01052nam a2200277 i 4500
001 - NÚMERO DE CONTROL
campo de control 47617
003 - IDENTIFICADOR DE NÚMERO DE CONTROL
campo de control ES-MaACL
005 - FECHA Y HORA DE LA ÚLTIMA TRANSACCIÓN
campo de control 20260526164124.0
007 - CAMPO FIJO DE DESCRIPCIÓN FÍSICA--INFORMACIÓN GENERAL
campo de control de longitud fija t|
008 - DATOS DE LONGITUD FIJA--INFORMACIÓN GENERAL
campo de control de longitud fija 030508s2001 sp ||||1| spa d
020 ## - NÚMERO INTERNACIONAL ESTÁNDAR DEL LIBRO
Número Internacional Estándar del Libro 84-86864-47-X
080 ## - NÚMERO DE LA CLASIFICACIÓN DECIMAL UNIVERSAL
Número de la Clasificación Decimal Universal 329.285(460)(093)
245 00 - MENCIÓN DEL TÍTULO
Título Antología documental del anarquismo español.
Número de parte o sección de la obra 1 /
Mención de responsabilidad, etc. presentación, selección y notas de Francisco Madrid y Claudio Venza; introducción de Francisco Madrid ; prólogo de Pere Gabriel.
260 ## - PUBLICACIÓN, DISTRIBUCIÓN, ETC.
Lugar de publicación, distribución, etc. Madrid :
Nombre del editor, distribuidor, etc. Fundación de Estudios Libertarios Anselmo Lorenzo,
Fecha de publicación, distribución, etc. 2001-
300 ## - DESCRIPCIÓN FÍSICA
Extensión 1 v. ;
Dimensiones 24 cm.
505 8# - NOTA DE CONTENIDO CON FORMATO
Nota de contenido con formato Contiene: V. 1. Organización y revolución: de la Primera Internacional al Proceso de Montjuic (1868-1896)
650 #7 - PUNTO DE ACCESO ADICIONAL DE MATERIA--TÉRMINO DE MATERIA
Término de materia o nombre geográfico como elemento de entrada Anarquismo
Fuente del encabezamiento o término embne
9 (RLIN) 9783
650 #4 - PUNTO DE ACCESO ADICIONAL DE MATERIA--TÉRMINO DE MATERIA
Término de materia o nombre geográfico como elemento de entrada Anarquismo-
Subdivisión geográfica España-
Subdivisión cronológica S.XIX.
9 (RLIN) 171717
700 1# - ENTRADA AGREGADA--NOMBRE PERSONAL
Nombre de persona Madrid Santos, Francisco.
9 (RLIN) 75360
700 1# - ENTRADA AGREGADA--NOMBRE PERSONAL
Nombre de persona Venza, Claudio.
9 (RLIN) 113934
700 1# - ENTRADA AGREGADA--NOMBRE PERSONAL
Nombre de persona Gabriel, Pere.
9 (RLIN) 53152
710 2# - ENTRADA AGREGADA--NOMBRE DE ENTIDAD CORPORATIVA
Nombre de entidad corporativa o nombre de jurisdicción como elemento de entrada Fundación Anselmo Lorenzo.
9 (RLIN) 4216
852 ## - LOCALIZACIÓN
Ubicación ES-MaACL
Número de control de estantería P-1967
942 ## - ELEMENTOS DE ENTRADA SECUNDARIOS (KOHA)
Fuente del sistema de clasificación o colocación Clasificación decimal universal
Holdings
Estatus retirado Estado de pérdida Estado de daño No para préstamo Biblioteca de origen Biblioteca actual Ubicación en estantería Fecha de adquisición Fuente de adquisición Total de préstamos Signatura topográfica completa Código de barras Visto por última vez Precio de reemplazo Tipo de ítem Koha
        Biblioteca del Ateneo de Madrid Biblioteca del Ateneo de Madrid Depósito 2 17/01/2008     P-1967 1050100 23/02/2023 23/02/2023 Libro impreso